Регионална библиотека "Любен Каравелов" - Русе

Броня (Запис номер 127590)

MARC детайли
000 -Лидер
Контролно поле с фиксирана дължина 01574nam a2200349 c 4500
003 - Код на организацията, давaща контролен номер
Контролно поле BLK
005 - Дата и час на последна редакция
Контролно поле 20210707134132.0
008 - Елементи от данни с фиксирана дължина
fixed length control field 180409b bul|||||r ||||||| ||bul||
010 ## - Наследен системен номер
LC control number KNG00133293000
040 ## - Източник на каталожния запис
Идентификатор на билиотеката - собственик на записа BLK
041 ## - Код за език
Код за езика на текст/звукозапис или на отделно заглавие Български
Код за езика КДБФ Български
080 ## - УДК
Текстов определител УДК Оръжие. Въоръжение. Артилерийско-техн. въоръжение. БТР. Стрелково оръжие. Боеприпаси и БОВ. Управляеми и неупр. ракети
УДК код - определител по УДК 623.4
УДК определител
УДК - код + определител 623.4
080 ## - УДК
Текстов определител УДК Отделни родове сухопътни, въздушни и военно-морски войски
УДК код - определител по УДК 356/359
УДК определител
УДК - код + определител 356/359
100 1# - Редна дума - Автор
Автор Бирюков, В. С.
Авторска отговорност първи автор
R(LIN) 320779
139 ## - Редно поле
Редна дума Бирюков, В. С.
Авторски знак Био - Б 45
245 10 - Сведения за заглавието
Заглавие Броня
Редно поле (дума) В. С. Бирюков; прев. от рус. Н. Василев; ред. Ас. Караиванов.
257 ## - Страна на издаване
Страна на създаване/издаване СССР
260 ## - Област на издателските данни
-- София
Име на издателя, разпространителя и проч. Държ. воен. изд.
Година на издаване 1956
300 ## - Физическа характеристика
Страници 116 с.
Илюстрации и др. с ил.
Размери/Мащаб 16 см
380 ## - Жанр
Жанр Техника
490 1# - СЕРИИ (Колекции)
Име на серия Научнопопулярна военна библиотека
650 #4 - Допълнително описание по предмет – тема
Основно описание – тема или топоним Броня (воен. дело)
9 (RLIN) 149211
650 #4 - Допълнително описание по предмет – тема
Основно описание – тема или топоним Бронирани войски
9 (RLIN) 149209
653 ## - Ключова дума – ненормативна
Ключова дума броня
700 1# - Други автори (авторска отговорност)
Лично име Василев, Н.
Автороска отговорност (Описва отношението между автора и произведението) прев. от рус.
9 (RLIN) 377792
700 1# - Други автори (авторска отговорност)
Лично име Караиванов, Ас.
Автороска отговорност (Описва отношението между автора и произведението) ред.
9 (RLIN) 320780
852 ## - Местоположение
Форматна сигнатура Цб І 906
856 4# - Електронен адрес и достъп
Електронен формат pdf - файл
Път до файла /url/
856 4# - Електронен адрес и достъп
Електронен формат pdf - файл
Път до файла /url/
942 ## - АРТИКУЛИ
Вид на библиотечния материал Книги
Скрит в OPAC Не
Koha issues (borrowed), all copies 1
944 ## - СЪЗДАВАНЕ И РЕДАКЦИЯ на ЗАПИСА
Създаване/Редакция Създаване
Дата на регистрацията/редакция 27.08.2012
Статус, дата на статуса 27.08.2012 - от С1,Р / 27.08.2012
Служител, извършил регистрацията/редакцията Наталия_Медовщикова
944 ## - СЪЗДАВАНЕ И РЕДАКЦИЯ на ЗАПИСА
Създаване/Редакция Редакция
Дата на регистрацията/редакция 27.08.2012
Статус, дата на статуса 27.08.2012 - от С1,Р / 27.08.2012
Служител, извършил регистрацията/редакцията
999 ## - СИСТЕМНИ КОНТРОЛНИ НОМЕРА
Koha biblionumber 127590
Koha biblioitemnumber 127590
Наличности
Код за отписване Код за изгубен артикул Източник на класификационната схема Код за повреда Коз за рестрикции Код за отдаване Артикулен № Име на библиотеката - собственик Име на библиотеката, в която се намира в момента Статус (Текущо местоположение) Дата на вписване в системата Местоположение - отдел Цена в лева Инвентарен номер Систематично азбучна сигнатура Баркод Номер на екземпляра Цена в евро Служебна бележка Служебен тип на артикула
  Не е изгубен Universal Decimal Classification Не е повреден без рестрикции ползва се в читалня 207524 Регионална библиотека "Любен Каравелов" Русе Регионална библиотека "Любен Каравелов" Русе Хранилище 1956-01-01 Основен фонд - ползва се само за читалня 0.17 10118/56 Цб І 906 900000024968 1 0.09 N: стар фонд Дата: 01.01.1956 Книги
Vip Innovations Ltd, Rousse, Bulgaria 2025